Cours de droit du travail africain et Malgache
Furkejuvvon:
| Váldodahkki: | |
|---|---|
| Materiálatiipa: | Girji |
| Giella: | fránskkagiella |
| Almmustuhtton: |
París
Librairie Générale de Droit et de Jurisprudence
1966
|
| Fáttát: | |
| Fáddágilkorat: |
Lasit fáddágilkoriid
Eai fáddágilkorat, Lasit vuosttaš fáddágilkora!
|
MARC
| LEADER | 00000nam a2200000 a 4500 | ||
|---|---|---|---|
| 001 | UCS2731 | ||
| 003 | CL-VaPUC | ||
| 008 | 970604e19660000FR |||||||||||||||||fre|d | ||
| 082 | 0 | 4 | |a 344.01 |b GON |2 21 |
| 100 | 0 | |a Gonidec, P. F |e author |9 388498 | |
| 245 | 1 | 0 | |a Cours de droit du travail africain et Malgache |
| 300 | |a 287 p | ||
| 942 | |c BK | ||
| 945 | |d 19970604 00:00:00 |a lriquelm | ||
| 260 | |a París |b Librairie Générale de Droit et de Jurisprudence |c 1966 | ||
| 650 | 7 | |a DERECHO LABORAL |2 CL-VaPUC |9 15 | |
| 650 | 0 | |a Condiciones de trabajo |9 359118 | |
| 650 | 0 | |a Relaciones laborales |9 335971 | |
| 650 | 7 | |a JORNADA DE TRABAJO |2 CL-VaPUC |9 388087 | |
| 650 | 7 | |a REMUNERACIONES |2 CL-VaPUC |9 371777 | |
| 650 | 0 | |a Sindicatos |9 255034 | |
| 650 | 0 | |a Fuentes del derecho |9 255162 | |
| 651 | 0 | |a África |9 256790 | |
| 651 | 7 | |a MADAGASCAR |2 CL-VaPUC |9 357929 | |
| 583 | |a last modification |c 20170712 04:44:29 |k Rodrigo Vera | ||
| 999 | |c 260669 |d 260667 | ||